| 000 | 00736cab a2200229 4500 | ||
|---|---|---|---|
| 001 | ABS40361 | ||
| 008 | 090401t1989 xxu||||| |||| 00| 0 eng d | ||
| 035 | _a(Sirsi) u23299 | ||
| 041 | _aeng | ||
| 100 | _aTyler, G. | ||
| 245 | _aPrivatisation by stealth | ||
| 260 | _c1989 | ||
| 350 | _a0 | ||
| 490 |
_aEstates Times _v(983) 24 February 1989, 14-15(2) |
||
| 520 | _aStudies the methods used by the Commission for the New Towns in the sale of new towns ` assets, including disposal of industrial and commercial property. Illustrated by using the example of Skelmersdale in Lancashire . | ||
| 650 | _aDERELICT LAND | ||
| 650 | _aLANDBANKS | ||
| 650 | _aSURPLUS LAND | ||
| 690 | _aLAND | ||
| 942 | _n0 | ||
| 948 | _c04/03/1997 | ||
| 999 |
_c15581 _d15581 |
||